<?xml version="1.0" encoding="UTF-8"?>
<marc:record xmlns:marc="http://www.loc.gov/MARC21/slim">
   <marc:leader>00000nam a2200000 a 4500</marc:leader>
   <marc:datafield ind1="1" ind2=" " tag="100">
      <marc:subfield code="a">Henckel von Donnersmarck, Florian</marc:subfield>
      <marc:subfield code="4">aut</marc:subfield>
      <marc:subfield code="e">Verfasser/-in</marc:subfield>
   </marc:datafield>
   <marc:datafield ind1="1" ind2=" " tag="100">
      <marc:subfield code="a">Tukur, Ulrich</marc:subfield>
   </marc:datafield>
   <marc:datafield ind1="1" ind2=" " tag="100">
      <marc:subfield code="a">Koch, Sebastian</marc:subfield>
   </marc:datafield>
   <marc:datafield ind1="1" ind2=" " tag="100">
      <marc:subfield code="a">Gedeck, Martina</marc:subfield>
   </marc:datafield>
   <marc:datafield ind1="1" ind2=" " tag="100">
      <marc:subfield code="a">Mühe, Ulrich</marc:subfield>
   </marc:datafield>
   <marc:datafield ind1="0" ind2="0" tag="245">
      <marc:subfield code="a">Das Leben der Anderen</marc:subfield>
   </marc:datafield>
   <marc:datafield ind1="0" ind2="0" tag="245">
      <marc:subfield code="c">Florian Henckel von Donnersmarck</marc:subfield>
   </marc:datafield>
   <marc:datafield ind1=" " ind2="1" tag="264">
      <marc:subfield code="a">Wien</marc:subfield>
      <marc:subfield code="b">Buena Vista Home Entertainment</marc:subfield>
      <marc:subfield code="c">2006</marc:subfield>
   </marc:datafield>
   <marc:datafield ind1="1" ind2=" " tag="520">
      <marc:subfield code="a">DDR - Ost-Berlin 1984. Der linientreue Stasi-Hauptmann Gerd Wiesler wird auf den erfolgreichen Dramatiker Georg Dreyman und seine Lebensgefährtin angesetzt und hofft damit auf einen Karriereschub. Womit er nicht gerechnet hat: Das intime Eindringen in die Welt der Observierten verändert ihn. #Das Eintauchen in "das Leben der Anderen" in Liebe, Literatur, freies Denken und Reden - eröffnet Wiesler eine nie gekannte Welt, der er sich immer weniger entziehen kann. Ein gefährliches Spiel beginnt ......#Ausgezeichnet mit drei Europäischen und 7 Deutschen Preisen erhielt der Film 2007 den Oscar für den besten ausländischen Film.</marc:subfield>
   </marc:datafield>
</marc:record>
